| 000 | 00390 a2200109 4500 | ||
|---|---|---|---|
| 001 | ART_47191 | ||
| 005 | 20260410161850.0 | ||
| 008 | 260409a | ||
| 245 | 1 | 0 | _aDe la retórica del dumping a la práctica del antidumping. Análisis de un aspecto del proteccionismo moderno |
| 100 | 1 | _aMontuschi, Luisa | |
| 773 | 0 |
_tEconómica _g- Año XXXIX, Nº 1/2 (ene. 1993) _wREV7541 |
|
| 999 |
_c24953 _d24953 |
||